000 02027cam a2200421 i 4500
001 3401
003 FISKH
005 20240301143451.0
008 130108s2013 nyu 000 1 eng
010 _a 2012046158
020 _a9780316176484 (hardback)
020 _a9780552776639
020 _z9780316233927 (large print)
040 _aDLC
_beng
_cDLC
_erda
_dDLC
042 _apcc
043 _ae-uk---
050 0 0 _aPR6051.T56
_bL54 2013
082 0 0 _a823/.914
_223
100 1 _aAtkinson, Kate.
245 1 0 _aLife after life :
_ba novel /
_cKate Atkinson.
250 _aBlack Swan edition published 2014
260 _aLondon :
_bBlack Swan Book,
_c2013
300 _a621 pages :
_c20 cm
336 _atext
_2rdacontent
337 _aunmediated
_2rdamedia
338 _avolume
_2rdacarrier
520 _a"What if you could live again and again, until you got it right? On a cold and snowy night in 1910, Ursula Todd is born to an English banker and his wife. She dies before she can draw her first breath. On that same cold and snowy night, Ursula Todd is born, lets out a lusty wail, and embarks upon a life that will be, to say the least, unusual. For as she grows, she also dies, repeatedly, in a variety of ways, while the young century marches on towards its second cataclysmic world war. Does Ursula's apparently infinite number of lives give her the power to save the world from its inevitable destiny? And if she can -- will she? Darkly comic, startlingly poignant, and utterly original -- this is Kate Atkinson at her absolute best. "--
_cProvided by publisher.
650 0 _aReincarnation
_vFiction.
650 7 _aFICTION / Literary.
_2bisacsh
650 7 _aFICTION / Historical.
_2bisacsh
650 7 _aFICTION / Suspense.
_2bisacsh
651 0 _aGreat Britain
_xHistory
_y20th century
_vFiction.
655 7 _aAlternative histories (Fiction)
_2gsafd
655 7 _aHumorous fiction.
_2gsafd
906 _a7
_bcbc
_corignew
_d1
_eecip
_f20
_gy-gencatlg
942 _2ddc
_cBK
_n0
999 _c3401
_d3401